2023 in Sports - Statistics

General Stats
  • This quiz has been taken 63 times
  • The average score is 8 of 12
Answer Stats
Hint Answer % Correct
NBA star who broke the scoring record LeBron James
95%
Football player who won his record 8th Ballon d'Or Lionel Messi
85%
NBA team who won their first title in franchise history Denver Nuggets
80%
Superbowl winners Kansas City Chiefs
73%
Premier League team who won the treble Manchester City
73%
NFL star who made headlines after dating pop artist Taylor Swift Travis Kelce
70%
F1 driver who won a record 16 races in a season Max Verstappen
65%
Country who defeated India in the Cricket World Cup final Australia
62%
The leading scorer across all football leagues in 2023 (54 goals) Cristiano Ronaldo
62%
Los Angeles Dodgers signed this player for a reported $700 million deal Shohei Ohtani
58%
Tennis player who defeated Novak Djokovic in the Wimbledon final Carlos Alcaraz
53%
Fighter who surprisingly avoided defeat against Francis Ngannou Tyson Fury
33%
No matching quizzes found
Score Distribution
Percent of People with Each Score
Percentile by Number Answered
Your Score History
You have not taken this quiz